Statistics for One Letter Answers #1

Click here to take the quiz!

General Stats

  • This quiz has been taken 48,915 times
  • The average score is 14 of 26

Answer Stats

HintAnswer% Correct
First person pronounI
86%
Three of these in a row indicates the sound of sleepingZ
85%
Series of vitamins including niacin, riboflavin, and othersB
81%
1990s TV show: The _ FilesX
79%
Complete the analogy. E is to W as S is to _N
78%
Ford's best-selling vehicle: the Model _T
73%
Like an A-Bomb but more powerful : _-BombH
68%
Character who supplies James Bond with his gadgetsQ
65%
Atomic symbol of PotassiumK
64%
Equal to 9/5 C + 32F
61%
MPAA rating for films suitable for ages 17 and upR
59%
Word that comes before "say can you see"O
58%
Widely used programming language invented in the 1970sC
56%
Short, informal name of a place the Village People sang aboutY
53%
In ancient Roman times it was the same as the letter UV
48%
Harry Truman's full middle nameS
47%
500, in Roman numeralsD
44%
Letter which the British pound sign is derived fromL
37%
The longest letter in the English alphabet when fully spelled outW
37%
Indefinite articleA
36%
Metro rail system in German countries: _-BahnU
34%
In sheet music, a letter that means "soft"P
32%
Number approximately equal to 2.718E
23%
$1000, in street lingoG
22%
Will Smith's character in "Men in Black": Agent _J
19%
Classic 1931 crime drama film directed by Fritz LangM
12%

Score Distribution

Percentile by Number Answered

Percent of People with Each Score

Your Score History

You have not taken this quiz